[Event "Izhevsk Corporation Cup 6th"]
[Site "Izhevsk"]
[Date "2014.07.16"]
[Round "5"]
[White "Frolov, Artiom"]
[Black "Glukhov, Alexander"]
[Result "1/2-1/2"]
[WhiteElo "2403"]
[BlackElo "2224"]
[PlyCount "70"]
[EventDate "2014.07.12"]
[EventType "swiss"]
[EventRounds "9"]
[EventCountry "RUS"]
[SourceTitle "CBM 161 Extra"]
[Source "ChessBase"]
[SourceDate "2014.08.29"]
[SourceVersion "1"]
[SourceVersionDate "2014.08.29"]
[SourceQuality "1"]

1. e4 c5 2. Nf3 Nc6 3. d4 cxd4 4. Nxd4 g6 5. c4 Nf6 6. Nc3 d6 7. Be2 Nxd4 8. Qxd4 Bg7 9. Be3 0-0 10. Qd2 Bd7 11. 0-0 Bc6 12. f3 a5 13. b3 Nd7 14. Rab1 Nc5 15. Rfc1 Be5 16. Bd1 f5 17. exf5 Rxf5 18. Bc2 Rh5 19. f4 Bxc3 20. Qxc3 e5 21. Bxc5 dxc5 22. Rf1 Qh4 23. Qg3 exf4 24. Qxf4 Qxf4 25. Rxf4 Re5 26. Rf2 Re3 27. Kf1 a4 28. bxa4 Rc3 29. Re1 Bxa4 30. Bxa4 Rxa4 31. Re8+ Kg7 32. Re7+ Kh6 33. g3 Rxa2 34. Kg2 Rxc4 35. h4 Rc1 1/2-1/2